00301nam a2200109Ia 4500008004100000041000800041082002700049100003100076245003700107260003800144300000900182230411s9999 xx 000 0 und d aeng aF/610.73069/BOA/B04393 aBoard of Nursing Education aNew Textbook for Nurses in India bB I PublicationsaNew Delhic2004 a443p